|
|
|
|
| LEADER |
00000nam0a2200000 4500 |
| 001 |
62935 |
| 005 |
20231101212031.0 |
| 035 |
|
|
|a (RuTPU)RU\TPU\book\66756
|
| 090 |
|
|
|a 62935
|
| 100 |
|
|
|a 20040422d1984 km y0rusy50 ca
|
| 101 |
0 |
|
|a rus
|
| 102 |
|
|
|a RU
|
| 105 |
|
|
|a a z 001zy
|
| 200 |
1 |
|
|a Автоматизация проектирования химических производств
|f С. С. Хачатрян, Г. Г. Арунянц
|
| 210 |
|
|
|a Москва
|c Химия
|d 1984
|
| 215 |
|
|
|a 208 с.
|c ил.
|
| 225 |
1 |
|
|a Автоматизация химических производств
|
| 320 |
|
|
|a Библиогр.: с. 199-205.
|
| 606 |
|
|
|a Химические производства
|x Технологическое проектирование
|x Автоматизация
|x Математические методы
|2 stltpush
|3 (RuTPU)RU\TPU\subj\30972
|9 53967
|
| 610 |
1 |
|
|a технологическое проектирование
|
| 610 |
1 |
|
|a автоматизация
|
| 610 |
1 |
|
|a системы
|
| 610 |
1 |
|
|a управление
|
| 610 |
1 |
|
|a эффективность
|
| 610 |
1 |
|
|a оценка
|
| 675 |
|
|
|a 66.011
|v 3
|
| 700 |
|
1 |
|a Хачатрян
|b С. С.
|g Сарибек Саакович
|
| 701 |
|
1 |
|a Арунянц
|b Г. Г.
|g Геннадий Георгиевич
|
| 801 |
|
1 |
|a RU
|b 63413507
|c 20040422
|g PSBO
|
| 801 |
|
2 |
|a RU
|b 63413507
|c 20180122
|g PSBO
|
| 900 |
|
|
|a Средства автоматизации и приборы контроля химического производства
|
| 942 |
|
|
|c BK
|